| 000 | 01104nam0a2200313 4500 | ||
|---|---|---|---|
| 001 | RU\NLR\BIBL_A\022780354 | ||
| 005 | 20260622132449.0 | ||
| 010 |
_a978-5-04-238554-4 _92500 |
||
| 035 | _a(NLR Aleph) 022780354 | ||
| 090 |
_a13728363 _c13728363 |
||
| 100 | _a20260409d2026 m y0rusy50 ca | ||
| 101 | 1 |
_arus _cjpn |
|
| 102 | _aRU | ||
| 105 | _ay z 000ay | ||
| 181 | 0 |
_ai4 _baxxe |
|
| 182 | 0 | _an | |
| 200 | 1 |
_aПризнания _e[роман] _fКанаэ Минато _gперевод с японского: Т. С. Шерегеда |
|
| 203 |
_aТекст _bвизуальный _cнепосредственный |
||
| 210 |
_aМосква _cЭксмо, Inspiria _d2026 |
||
| 215 |
_a316, [1] с. _d17 |
||
| 225 | 1 |
_aTok _iНациональный бестселлер _iЯпония |
|
| 333 | _a18+ | ||
| 686 | 1 | _aШ6(5Я)67-446{Лх2318-60} | |
| 700 | 1 |
_aМинато _bК. _f1973- _gКанаэ _3RU\NLR\AUTH\770229306 |
|
| 702 | 1 |
_aШерегеда _bТ. С. _gТатьяна Сергеевна _4730 |
|
| 942 | _cBOOK | ||
| 980 | _aNB | ||